Dekrety Jednoty bratrské Božství Kristovo Učení dvanácti apoštolů Petice podané z Čech Evangelické Allianci r. 1879 Rozbor kralického Nového zákona : a jeho význam pro spásu a život člověka ; zpráva deputace vyslané od Evangelické Alliance do Vídně r. 1879 ; s hystoryí našeho biblického textu vydává Antonín Gindely ; V. Pokorný ; přeložil František Novák
Record details
- Physical Description: xii + 320 + 12 + 17 + 53 + 107 přílohy
- Publisher: Praha I. L. Kober 1865-1910?
Available copies
- 1 of 1 copy available at Common Catalog SPOK.
Holds
- 0 current holds with 1 total copy.
Show Only Available Copies
| Location | Call Number / Copy Notes | Barcode | Shelving Location | Status | Due Date |
|---|---|---|---|---|---|
| ETS Library | 284.3 | 424470000078 | Volný výběr | Available | - |
| LDR | 01244nam a2 00229 | ||
|---|---|---|---|
| 001 | 33657 | ||
| 003 | CZ-PrJAB | ||
| 005 | 20040308000000.0 | ||
| 008 | 010530s1865 xr e |||| |cze | ||
| 009 | cz | ||
| 035 | . | ‡a(CONS)9506 | |
| 035 | . | ‡aKPS4771 | |
| 041 | . | ‡acze | |
| 082 | 1 | 4. | ‡a284.3 |
| 100 | . | ‡72851 ‡aGindely, Antonín | |
| 245 | . | ‡aDekrety Jednoty bratrské ‡aBožství Kristovo ‡aUčení dvanácti apoštolů ‡aPetice podané z Čech Evangelické Allianci r. 1879 ‡aRozbor kralického Nového zákona : ‡ba jeho význam pro spásu a život člověka ; zpráva deputace vyslané od Evangelické Alliance do Vídně r. 1879 ; s hystoryí našeho biblického textu ‡cvydává Antonín Gindely ; V. Pokorný ; přeložil František Novák | |
| 260 | . | ‡aPraha ‡bI. L. Kober ‡c1865-1910? | |
| 300 | . | ‡axii + 320 + 12 + 17 + 53 + 107 ‡bpřílohy | |
| 653 | . | ‡aDekrety Jednoty bratrské ‡aBožství Kristovo ‡aUčení dvanácti apoštolů ‡aPetice podané z Čech Evangelické Allianci r. 1879 ‡azpráva deputace vyslané od Evangelické Alliance do Vídně r. 1879 ‡aRozbor kralického Nového zákona ‡as hystoryí biblického textu | |
| 700 | . | ‡73239 ‡aPokorný, V. | |
| 852 | 4 | . | ‡bETS ‡bETS ‡cVolný výběr ‡j284.3 ‡gP ‡p424470000078 ‡xreference |
| 910 | . | ‡aABG450 | |
| 999 | . | ‡a9506 ‡bAUTOGEN ‡c9506 ‡tbiblio | |
| 905 | . | ‡uadmin | |
| 901 | . | ‡a33657 ‡b ‡c33657 ‡tbiblio ‡sets | |